| 000 | 00430 a2200145 4500 | ||
|---|---|---|---|
| 005 | 20250526064214.0 | ||
| 020 | _a0-538-19100-7 | ||
| 082 | _a658. 8 CUN | ||
| 100 | _aCUNNINGHAM, W. H. | ||
| 245 | _aMarketing: A Managerial Approach | ||
| 260 |
_aCincinnati, _bSouth-Western Publishing, _c1981. |
||
| 300 |
_aix, 662p.: ill.; figure, graph, map, picture, table. _bIndex. _c24cm. |
||
| 700 | _aCUNNINGHAM, I. C. M. | ||
| 942 |
_2ddc _cBKS |
||
| 999 |
_c2637 _d2637 |
||